01918nam a2200289uu 4500001000800000005001700008007001000025008004100035035001200076040001300088041000800101080000700109100004700116245015300163260003500316300004100351520094900392650004001341650001701381650003901398650003201437650001301469700006901482856006001551502001001611526000701621154552020251127093004.0cr|||||||200508s2018 spa  a1545520 ccomduadb aspa aJE10aCardona Hoyos, Jesús Francisco4auteaut10aPolíticas para la gestión de colecciones y servicios del Centro de Documentación Archivo Códice Museo Universitario Universidad de Antioquia aMedellín :bAutor(a),c2018. aArchivo en Repositorio Institucional3 aRESUMEN: Este trabajo es el resultado de prácticas académicas en el Centro de Documentación Archivo Códice del Museo Universitario Universidad de Antioquia (MUUA). Se presentan las Políticas para la Gestión de Colecciones y Servicios del Archivo Códice, el estado actual de las colecciones y servicios, identificación del Centro de Documentación, sus antecedentes, estructura organizacional, talento humano y detalles de las instalaciones. Además se reelabora el direccionamiento estratégico del Centro de Documentación estableciendo una misión clara y una visión ambiciosa a 3 años. Presentación del Sistema de Bibliotecas de la Universidad de Antioquia, especialmente en lo referente al proyecto CRAI + I (Centro de Recursos para el Aprendizaje, la Investigación y la Innovación) y finalmente se proponen estrategias, lineamientos y recomendaciones respecto a dos sectores: las Colecciones y los Servicios. 7aDescripción bibliográfica2lemb aDescriptores 7aServicios de información2armarc 7aVocabulario controlado2dcs aTesauros10aZapata Casas, Lina María4ths0(orcid)0000-0002-5426-3370eths4 uhttp://bibliotecadigital.udea.edu.co/handle/10495/10625 b24c6 a24